Néhány megjegyzés "A logika fejlődésé"-ről (a Kneale házaspár könyvének magyar nyelven való megjelenése alkalmából)

Elmentve itt :
Bibliográfiai részletek
Szerző: Horányi Özséb
Adatforrás:Philobibl
Forrásdokumentuma:Tertium non datur
5.1988. p. 35-47.
Dokumentumtípus: Cikk
Nyelv:magyar
Kulcsszavak:logika
logikatörténet
LEADER 00442nab a2200121 c 4500
001 bibPHI0039160
005 20200924124125.2
008 100910s1988 hu hun
100 1 |a Horányi Özséb 
245 1 0 |a Néhány megjegyzés "A logika fejlődésé"-ről  |b (a Kneale házaspár könyvének magyar nyelven való megjelenése alkalmából)  |c Horányi Özséb 
695 |a logika 
695 |a logikatörténet 
773 0 |t Tertium non datur  |g 5.1988. p. 35-47.